[Event "Kitchener Winter op"]
[Site "Kitchener CAN"]
[Date "2008.02.17"]
[Round "4"]
[White "Miletic, Damir"]
[Black "Lacau Rodean, Iulia"]
[Result "1-0"]
[WhiteElo "2174"]
[BlackElo "1990"]
[PlyCount "50"]
[GameId "2160767910413498"]
[EventDate "2008.02.15"]
[EventType "swiss"]
[EventRounds "5"]
[EventCountry "CAN"]
[SourceTitle "EXT 2011"]
[Source "ChessBase"]
[SourceDate "2011.11.26"]
[SourceVersion "1"]
[SourceVersionDate "2011.11.26"]
[SourceQuality "1"]

1. e4 c5 2. Nf3 d6 3. d4 cxd4 4. c3 dxc3 5. Nxc3 Nc6 6. Bc4 e6 7. O-O Be7 8. b4 Nf6 9. Qb3 O-O 10. Bf4 d5 11. exd5 exd5 12. Nxd5 Nxd5 13. Bxd5 Nxb4 14. Be4 Na6 15. Rad1 Qe8 16. Qb1 h6 17. Rfe1 Nc5 18. Bh7+ Kh8 19. Rxe7 Qxe7 20. Bd6 Qf6 21. Bxf8 Nd7 22. Ba3 Qb6 23. Be4 Qf6 24. Bb2 Qe7 25. Qd3 a5 1-0

[Event "Kitchener Winter op"]
[Site "Kitchener CAN"]
[Date "2008.02.17"]
[Round "4"]
[White "Morrison, Kyle"]
[Black "Raheb, David"]
[Result "1/2-1/2"]
[WhiteElo "2122"]
[BlackElo "2253"]
[PlyCount "103"]
[GameId "2160767910413499"]
[EventDate "2008.02.15"]
[EventType "swiss"]
[EventRounds "5"]
[EventCountry "CAN"]
[SourceTitle "EXT 2011"]
[Source "ChessBase"]
[SourceDate "2011.11.26"]
[SourceVersion "1"]
[SourceVersionDate "2011.11.26"]
[SourceQuality "1"]

1. d4 Nf6 2. Nf3 e6 3. c4 c5 4. d5 exd5 5. cxd5 d6 6. Nc3 g6 7. g3 Bg7 8. Bg2 O-O 9. O-O Na6 10. Nd2 Nc7 11. a4 Nfe8 12. Nc4 b6 13. Bf4 Ba6 14. Qb3 Bxc4 15. Qxc4 f5 16. Rfe1 Nf6 17. e4 fxe4 18. Bxe4 Qd7 19. Bg2 Rae8 20. Qf1 Nh5 21. Bh3 Qd8 22. Be3 Kh8 23. Qd3 Rf3 24. Bg4 Rf7 25. Ne4 Re5 26. f4 Rxd5 27. Qc2 Re7 28. Ng5 Qe8 29. Bf2 Nf6 30. Rxe7 Qxe7 31. Re1 Qf8 32. Bh3 Rxg5 33. fxg5 Nfe8 34. Bd7 Be5 35. Qc4 Qe7 36. Qg4 Ng7 37. Bc6 Nce6 38. h4 Nf5 39. Kg2 Bxb2 40. Qc4 Be5 41. Qd5 Nxh4+ 42. Kh1 Nf5 43. Rxe5 dxe5 44. Qxe5+ Kg8 45. Bd5 Nfg7 46. Be1 Kf8 47. Qf6+ Ke8 48. Bc3 Nd4 49. Bxd4 cxd4 50. Bc6+ Kd8 51. Qxd4+ Kc7 52. Be4 1/2-1/2

[Event "Kitchener Winter op"]
[Site "Kitchener CAN"]
[Date "2008.02.17"]
[Round "4"]
[White "Noritsyn, Nikolay"]
[Black "Quan Zhe"]
[Result "1/2-1/2"]
[WhiteElo "2463"]
[BlackElo "2460"]
[PlyCount "190"]
[GameId "2160767910413500"]
[EventDate "2008.02.15"]
[EventType "swiss"]
[EventRounds "5"]
[EventCountry "CAN"]
[SourceTitle "EXT 2011"]
[Source "ChessBase"]
[SourceDate "2011.11.26"]
[SourceVersion "1"]
[SourceVersionDate "2011.11.26"]
[SourceQuality "1"]

1. c4 g6 2. Nc3 Bg7 3. g3 c5 4. Bg2 Nc6 5. a3 Nf6 6. Rb1 a5 7. d3 O-O 8. Nh3 e6 9. O-O Rb8 10. Nf4 d6 11. e3 Ne8 12. Nfe2 e5 13. Nd5 Nc7 14. Nec3 Nxd5 15. Nxd5 b5 16. cxb5 Rxb5 17. Qa4 Na7 18. Bd2 Bd7 19. Qc4 Rb8 20. Qa6 Nc6 21. b4 axb4 22. axb4 cxb4 23. Rfc1 Ne7 24. Nxe7+ Qxe7 25. Bxb4 Rfd8 26. Bxd6 Rxb1 27. Rxb1 Qf6 28. Qa3 Bf8 29. Bxf8 Rxf8 30. h3 Rd8 31. Rd1 Bc6 32. Qc3 Bxg2 33. Kxg2 Qe6 34. Qa5 Qc6+ 35. Kg1 Qf6 36. Qd2 Qe6 37. Kh2 h5 38. Qe2 Qf6 39. Kg2 Qc6+ 40. Kg1 Qc3 41. Qd2 Qb3 42. h4 Kg7 43. Qe2 Rd6 44. Kg2 Qd5+ 45. Kg1 Qb3 46. d4 exd4 47. Rxd4 Rf6 48. Rd1 Rc6 49. Kg2 Qc4 50. Qxc4 Rxc4 51. Kf3 Rc2 52. Rd7 Kf6 53. Rd6+ Kg7 54. Ra6 Rb2 55. e4 Rc2 56. Ke3 Rb2 57. f3 Rb3+ 58. Kf4 Rc3 59. Ra7 Rb3 60. Ra5 Rc3 61. g4 hxg4 62. Kxg4 Rc4 63. h5 f5+ 64. Kg5 fxe4 65. Ra7+ Kg8 66. Ra8+ Kg7 67. h6+ Kh7 68. Ra7+ Kh8 69. Ra8+ Kh7 70. Ra7+ Kh8 71. f4 Rc2 72. Ra8+ Kh7 73. Ra7+ Kh8 74. Kxg6 Rg2+ 75. Kf6 Rh2 76. Kg6 Rg2+ 77. Kf5 e3 78. Re7 e2 79. Kf6 Rh2 80. h7 Rh6+ 81. Kg5 Rxh7 82. Rxe2 Kg8 83. Re8+ Kf7 84. Ra8 Rh1 85. Ra7+ Kg8 86. Kg6 Rg1+ 87. Kf6 Rb1 88. Ra6 Rb7 89. f5 Rf7+ 90. Ke6 Kg7 91. Ra5 Rf6+ 92. Ke5 Rb6 93. Ra7+ Kf8 94. Kf4 Rc6 95. Kg5 Rb6 1/2-1/2

[Event "Kitchener Winter op"]
[Site "Kitchener CAN"]
[Date "2008.02.17"]
[Round "4"]
[White "Sapozhnikov, Roman"]
[Black "Pryor, Jamieson"]
[Result "0-1"]
[WhiteElo "2217"]
[BlackElo "1827"]
[PlyCount "54"]
[GameId "2160767910413503"]
[EventDate "2008.02.15"]
[EventType "swiss"]
[EventRounds "5"]
[EventCountry "CAN"]
[SourceTitle "EXT 2011"]
[Source "ChessBase"]
[SourceDate "2011.11.26"]
[SourceVersion "1"]
[SourceVersionDate "2011.11.26"]
[SourceQuality "1"]

1. e4 c5 2. Nf3 d6 3. d4 cxd4 4. Nxd4 Nf6 5. Nc3 g6 6. f4 Bg7 7. Be3 O-O 8. Nb3 Ng4 9. Bg1 e5 10. Qf3 exf4 11. Qxf4 Qh4+ 12. Bf2 Qxf2+ 13. Qxf2 Nxf2 14. Kxf2 f5 15. Bc4+ Kh8 16. Rhd1 fxe4+ 17. Kg1 Bf5 18. Rxd6 Nc6 19. Re1 Nb4 20. Nxe4 Rae8 21. Nbc5 b6 22. Ne6 Nxc2 23. Re2 Bxe6 24. Rxe6 Rxe6 25. Bxe6 Nd4 26. Nc3 Nxe2+ 27. Nxe2 Bxb2 0-1

[Event "Kitchener Winter op"]
[Site "Kitchener CAN"]
[Date "2008.02.17"]
[Round "4"]
[White "Whissell, Mavros"]
[Black "Inigo, Aquino"]
[Result "0-1"]
[WhiteElo "1977"]
[BlackElo "2081"]
[PlyCount "80"]
[GameId "2160767910413504"]
[EventDate "2008.02.15"]
[EventType "swiss"]
[EventRounds "5"]
[EventCountry "CAN"]
[SourceTitle "EXT 2011"]
[Source "ChessBase"]
[SourceDate "2011.11.26"]
[SourceVersion "1"]
[SourceVersionDate "2011.11.26"]
[SourceQuality "1"]

1. e4 e6 2. Nc3 d5 3. d4 Bb4 4. e5 c5 5. a3 Bxc3+ 6. bxc3 Ne7 7. Qg4 O-O 8. Bd3 Nbc6 9. Bg5 Qa5 10. Ne2 Ng6 11. O-O Qa4 12. Ng3 Ncxe5 13. Qe2 Nxd3 14. Qxd3 cxd4 15. cxd4 b6 16. Rfe1 Ba6 17. Qd2 Rac8 18. Rec1 Rc6 19. Qb4 Rc4 20. Qxa4 Rxa4 21. c3 Rc8 22. Bd2 Ne7 23. Nh5 Nc6 24. Rcb1 Rc4 25. Ng3 Na5 26. Nf1 R4c6 27. Ne3 Bc4 28. Be1 f5 29. f4 Nb7 30. a4 Nd6 31. a5 b5 32. Nc2 Bd3 33. Nb4 Bxb1 34. Nxc6 Rxc6 35. Rxb1 a6 36. Ra1 Ne4 37. Rc1 Rc4 38. Kf1 Ra4 39. h3 Nd6 40. g3 Nc4 0-1

[Event "Kitchener Winter op"]
[Site "Kitchener CAN"]
[Date "2008.02.17"]
[Round "5"]
[White "Brestoiu, Doina"]
[Black "McDonald, Justin"]
[Result "1/2-1/2"]
[WhiteElo "1946"]
[BlackElo "2007"]
[PlyCount "44"]
[GameId "2160767910413505"]
[EventDate "2008.02.15"]
[EventType "swiss"]
[EventRounds "5"]
[EventCountry "CAN"]
[SourceTitle "EXT 2011"]
[Source "ChessBase"]
[SourceDate "2011.11.26"]
[SourceVersion "1"]
[SourceVersionDate "2011.11.26"]
[SourceQuality "1"]

1. e4 e5 2. Nf3 Nc6 3. Bc4 Bc5 4. c3 Nf6 5. b4 Bb6 6. d3 h6 7. b5 Na5 8. Nxe5 Nxc4 9. Nxc4 d5 10. Nxb6 axb6 11. O-O dxe4 12. dxe4 Qxd1 13. Rxd1 Be6 14. f3 Rxa2 15. Rxa2 Bxa2 16. Bf4 c6 17. Na3 O-O 18. Bc7 Ra8 19. Rd8+ Rxd8 20. Bxd8 Nd7 21. Kf2 Be6 22. Bc7 f6 1/2-1/2

[Event "Kitchener Winter op"]
[Site "Kitchener CAN"]
[Date "2008.02.17"]
[Round "5"]
[White "Drkulec, Vladimir"]
[Black "Morrison, Kyle"]
[Result "0-1"]
[WhiteElo "2132"]
[BlackElo "2122"]
[PlyCount "43"]
[GameId "2160767910413506"]
[EventDate "2008.02.15"]
[EventType "swiss"]
[EventRounds "5"]
[EventCountry "CAN"]
[SourceTitle "EXT 2011"]
[Source "ChessBase"]
[SourceDate "2011.11.26"]
[SourceVersion "1"]
[SourceVersionDate "2011.11.26"]
[SourceQuality "1"]

1. d4 Nf6 2. c4 e6 3. Nc3 Bb4 4. Qc2 d5 5. Nf3 c5 6. a3 Bxc3+ 7. Qxc3 O-O 8. dxc5 Nc6 9. b4 d4 10. Qc2 e5 11. e3 a5 12. b5 e4 13. Nxd4 Nxd4 14. exd4 Qxd4 15. Ra2 Ng4 16. h3 e3 17. hxg4 exf2+ 18. Qxf2 Re8+ 19. Re2 Qc3+ 20. Kd1 Bxg4 21. Rh3 Rad8+ 22. Bd2 0-1

[Event "Kitchener Winter op"]
[Site "Kitchener CAN"]
[Date "2008.02.17"]
[Round "5"]
[White "Filipovich, David"]
[Black "Fiedler, Brian"]
[Result "1/2-1/2"]
[WhiteElo "2255"]
[BlackElo "2201"]
[PlyCount "20"]
[GameId "2160767910413507"]
[EventDate "2008.02.15"]
[EventType "swiss"]
[EventRounds "5"]
[EventCountry "CAN"]
[SourceTitle "EXT 2011"]
[Source "ChessBase"]
[SourceDate "2011.11.26"]
[SourceVersion "1"]
[SourceVersionDate "2011.11.26"]
[SourceQuality "1"]

1. Nf3 d5 2. g3 Nf6 3. Bg2 c6 4. c4 Bf5 5. cxd5 cxd5 6. Qb3 Qd7 7. Nc3 Nc6 8. d4 e6 9. Bf4 Nh5 10. Bd2 Bd6 1/2-1/2

[Event "Kitchener Winter op"]
[Site "Kitchener CAN"]
[Date "2008.02.17"]
[Round "5"]
[White "Humphreys, Michael"]
[Black "Miletic, Damir"]
[Result "1/2-1/2"]
[WhiteElo "1916"]
[BlackElo "2174"]
[PlyCount "55"]
[GameId "2160767910413509"]
[EventDate "2008.02.15"]
[EventType "swiss"]
[EventRounds "5"]
[EventCountry "CAN"]
[SourceTitle "EXT 2011"]
[Source "ChessBase"]
[SourceDate "2011.11.26"]
[SourceVersion "1"]
[SourceVersionDate "2011.11.26"]
[SourceQuality "1"]

1. Nf3 d5 2. c4 d4 3. g3 c5 4. Bg2 Nc6 5. O-O e5 6. d3 Be7 7. e3 dxe3 8. fxe3 Nf6 9. Nc3 Bg4 10. Qa4 O-O 11. Nd5 e4 12. Nxf6+ Bxf6 13. dxe4 Qe7 14. Qb3 Bxf3 15. Rxf3 Rad8 16. Rf2 Ne5 17. Bd2 Nd3 18. Re2 Bxb2 19. Rb1 Qe5 20. Be1 Ba1 21. Rd1 Nxe1 22. Rexe1 Bc3 23. Rf1 Bb4 24. a3 Qc3 25. Qxc3 Bxc3 26. Rd5 Rxd5 27. exd5 Rd8 28. Rf2 1/2-1/2

[Event "Kitchener Winter op"]
[Site "Kitchener CAN"]
[Date "2008.02.17"]
[Round "5"]
[White "Inigo, Aquino"]
[Black "Dougherty, Michael"]
[Result "1/2-1/2"]
[WhiteElo "2081"]
[BlackElo "2296"]
[PlyCount "68"]
[GameId "2160767910413510"]
[EventDate "2008.02.15"]
[EventType "swiss"]
[EventRounds "5"]
[EventCountry "CAN"]
[SourceTitle "EXT 2011"]
[Source "ChessBase"]
[SourceDate "2011.11.26"]
[SourceVersion "1"]
[SourceVersionDate "2011.11.26"]
[SourceQuality "1"]

1. d4 g6 2. c4 Bg7 3. Nc3 c5 4. e3 Nf6 5. Nf3 O-O 6. Be2 b6 7. O-O Bb7 8. b3 cxd4 9. exd4 d5 10. Bb2 Nc6 11. Rc1 Rc8 12. Re1 dxc4 13. Bxc4 Bh6 14. Rb1 Na5 15. Be2 Nh5 16. Ne5 Nf4 17. Bf3 Nd5 18. Bxd5 Bxd5 19. Nxd5 Qxd5 20. Ng4 Bg7 21. Rxe7 Nc6 22. Re1 Nxd4 23. Bxd4 Qxd4 24. Qxd4 Bxd4 25. Rbd1 Rcd8 26. h3 Kg7 27. Nh2 Bc3 28. Rf1 Rfe8 29. Rxd8 Rxd8 30. Nf3 Bb2 31. Re1 Rc8 32. Re2 Rc1+ 33. Kh2 Ba3 34. g3 h5 1/2-1/2

[Event "Kitchener Winter op"]
[Site "Kitchener CAN"]
[Date "2008.02.17"]
[Round "5"]
[White "Lacau Rodean, Iulia"]
[Black "Sapozhnikov, Roman"]
[Result "1-0"]
[WhiteElo "1990"]
[BlackElo "2217"]
[PlyCount "53"]
[GameId "2160767910413511"]
[EventDate "2008.02.15"]
[EventType "swiss"]
[EventRounds "5"]
[EventCountry "CAN"]
[SourceTitle "EXT 2011"]
[Source "ChessBase"]
[SourceDate "2011.11.26"]
[SourceVersion "1"]
[SourceVersionDate "2011.11.26"]
[SourceQuality "1"]

1. e4 c5 2. Nf3 d6 3. g3 Nc6 4. Bg2 g6 5. O-O Bg7 6. c3 Bg4 7. d3 Qd7 8. Be3 e5 9. Nbd2 Nge7 10. Qc2 Bh3 11. Bxh3 Qxh3 12. Ng5 Qd7 13. f4 h6 14. Nxf7 Kxf7 15. fxe5+ Kg8 16. exd6 Qxd6 17. Nc4 Qd7 18. Bxc5 Kh7 19. Nd6 b6 20. Ba3 Rhf8 21. d4 Qh3 22. Qg2 Qg4 23. Rxf8 Rxf8 24. Rf1 Rxf1+ 25. Qxf1 Qg5 26. Qf4 Qh5 27. Ne8 1-0

[Event "Kitchener Winter op"]
[Site "Kitchener CAN"]
[Date "2008.02.17"]
[Round "5"]
[White "Leu, Richard"]
[Black "Becker, Paul"]
[Result "1-0"]
[WhiteElo "1916"]
[BlackElo "2083"]
[PlyCount "59"]
[GameId "2160767910413512"]
[EventDate "2008.02.15"]
[EventType "swiss"]
[EventRounds "5"]
[EventCountry "CAN"]
[SourceTitle "EXT 2011"]
[Source "ChessBase"]
[SourceDate "2011.11.26"]
[SourceVersion "1"]
[SourceVersionDate "2011.11.26"]
[SourceQuality "1"]

1. d4 d5 2. c4 c6 3. Nc3 Nf6 4. e3 a6 5. Nf3 Bf5 6. Bd3 Bg6 7. O-O dxc4 8. Bxc4 b5 9. Bd3 e6 10. Bxg6 hxg6 11. Ne5 Bd6 12. f4 Qb6 13. Qf3 Ra7 14. Ne4 Nxe4 15. Qxe4 Bxe5 16. fxe5 Rd7 17. b4 Qd8 18. Bb2 Qe7 19. a3 g5 20. g3 O-O 21. g4 Rc8 22. Rf3 Rdd8 23. Rc1 Qb7 24. Kg2 Nd7 25. Rh1 g6 26. h4 Kg7 27. hxg5 Rh8 28. Qf4 Rcf8 29. Rxh8 Kxh8 30. Qh2+ 1-0

[Event "Kitchener Winter op"]
[Site "Kitchener CAN"]
[Date "2008.02.17"]
[Round "5"]
[White "Martchenko, Alexander"]
[Black "Noritsyn, Nikolay"]
[Result "0-1"]
[WhiteElo "2169"]
[BlackElo "2463"]
[PlyCount "124"]
[GameId "2160767910413513"]
[EventDate "2008.02.15"]
[EventType "swiss"]
[EventRounds "5"]
[EventCountry "CAN"]
[SourceTitle "EXT 2011"]
[Source "ChessBase"]
[SourceDate "2011.11.26"]
[SourceVersion "1"]
[SourceVersionDate "2011.11.26"]
[SourceQuality "1"]

1. e4 c5 2. Nf3 Nc6 3. d4 cxd4 4. Nxd4 g6 5. c4 Bg7 6. Be3 Nf6 7. Nc3 Ng4 8. Qxg4 Nxd4 9. Qd1 Ne6 10. Rc1 O-O 11. Qd2 b6 12. Be2 Bb7 13. f3 Bc6 14. O-O a5 15. b3 Nc5 16. Bd4 Bxd4+ 17. Qxd4 d6 18. Nd5 e5 19. Qd2 Bxd5 20. exd5 f5 21. Bd3 Qc7 22. Bc2 Nd7 23. Kh1 Kg7 24. a3 Nf6 25. Bd3 Qc5 26. Qb2 Qe3 27. Qe2 Qxe2 28. Bxe2 Nd7 29. Bd3 Rfc8 30. a4 Kf6 31. g3 Nc5 32. Bc2 Rf8 33. Rce1 Rae8 34. Kg2 h6 35. Re2 Re7 36. Rfe1 Rfe8 37. h3 Rg7 38. Kf2 Reg8 39. Kg2 Nd7 40. Kf2 h5 41. Rh1 h4 42. g4 fxg4 43. fxg4 Kg5 44. Ke3 Rf7 45. Rf2 Rxf2 46. Kxf2 Nc5 47. Ke3 Rf8 48. Rb1 e4 49. b4 Rf3+ 50. Kd4 axb4 51. Rxb4 Nd7 52. a5 bxa5 53. Rb7 Nc5 54. Rb6 Rf6 55. Ke3 a4 56. Bxe4 a3 57. Bb1 Rf1 58. Rb8 Rh1 59. Kf2 Rh2+ 60. Kg1 a2 61. Bxa2 Rxa2 62. Rb6 Ne4 0-1

[Event "Kitchener Winter op"]
[Site "Kitchener CAN"]
[Date "2008.02.17"]
[Round "5"]
[White "Mohammed, Ricardo"]
[Black "Whissell, Mavros"]
[Result "1/2-1/2"]
[WhiteElo "1934"]
[BlackElo "1977"]
[PlyCount "73"]
[GameId "2160767910413514"]
[EventDate "2008.02.15"]
[EventType "swiss"]
[EventRounds "5"]
[EventCountry "CAN"]
[SourceTitle "EXT 2011"]
[Source "ChessBase"]
[SourceDate "2011.11.26"]
[SourceVersion "1"]
[SourceVersionDate "2011.11.26"]
[SourceQuality "1"]

1. e4 c5 2. Nf3 d6 3. d4 cxd4 4. Nxd4 Nf6 5. Nc3 g6 6. Be3 Bg7 7. Qd2 Nc6 8. f3 O-O 9. O-O-O d5 10. exd5 Nxd5 11. Nxc6 bxc6 12. Bd4 e5 13. Bc5 Be6 14. Ne4 Rb8 15. g4 Qc7 16. Bc4 Rfd8 17. Qf2 Qa5 18. Rd3 a6 19. Ra3 Qc7 20. h4 Nf4 21. Bxa6 f5 22. gxf5 gxf5 23. Nc3 Nd5 24. Nd1 Nb4 25. Bxb4 Rxb4 26. Qg3 Kh8 27. Qg5 Rg8 28. Be2 e4 29. Qe3 Qe5 30. c3 Rb7 31. fxe4 fxe4 32. Nf2 Rgb8 33. Nd1 Bd5 34. Kb1 Qd6 35. Ra7 Qc7 36. Rxb7 Qxb7 37. Qc5 1/2-1/2

[Event "Kitchener Winter op"]
[Site "Kitchener CAN"]
[Date "2008.02.17"]
[Round "5"]
[White "Raheb, David"]
[Black "Quan Zhe"]
[Result "0-1"]
[WhiteElo "2253"]
[BlackElo "2460"]
[PlyCount "68"]
[GameId "2160767910413515"]
[EventDate "2008.02.15"]
[EventType "swiss"]
[EventRounds "5"]
[EventCountry "CAN"]
[SourceTitle "EXT 2011"]
[Source "ChessBase"]
[SourceDate "2011.11.26"]
[SourceVersion "1"]
[SourceVersionDate "2011.11.26"]
[SourceQuality "1"]

1. e4 c5 2. Nf3 d6 3. d4 cxd4 4. Nxd4 Nf6 5. Nc3 a6 6. Be2 e5 7. Nb3 Be7 8. O-O O-O 9. Kh1 b6 10. f4 Bb7 11. Bf3 Nbd7 12. Qe1 Rc8 13. fxe5 dxe5 14. Qg3 Rxc3 15. bxc3 Nxe4 16. Qe1 f5 17. Be3 Ndf6 18. Bg5 Qc7 19. Bxf6 Rxf6 20. Nd2 Nxd2 21. Bxb7 Nxf1 22. Bd5+ Kh8 23. Qxf1 a5 24. c4 e4 25. g3 g6 26. Rd1 Kg7 27. Qe2 Bc5 28. Rf1 Qe5 29. Kg2 a4 30. g4 a3 31. g5 Rf8 32. Qe1 h6 33. gxh6+ Kxh6 34. Kh1 Kg7 0-1

[Event "Kitchener Winter op"]
[Site "Kitchener CAN"]
[Date "2008.02.17"]
[Round "5"]
[White "Yuan, Yuanling"]
[Black "Pryor, Jamieson"]
[Result "1-0"]
[WhiteElo "2194"]
[BlackElo "1827"]
[PlyCount "59"]
[GameId "2160767910413517"]
[EventDate "2008.02.15"]
[EventType "swiss"]
[EventRounds "5"]
[EventCountry "CAN"]
[SourceTitle "EXT 2011"]
[Source "ChessBase"]
[SourceDate "2011.11.26"]
[SourceVersion "1"]
[SourceVersionDate "2011.11.26"]
[SourceQuality "1"]

1. e4 c5 2. Nf3 d6 3. d4 cxd4 4. Nxd4 Nf6 5. Nc3 g6 6. Be3 Bg7 7. f3 O-O 8. Qd2 Nc6 9. Bc4 Bd7 10. h4 h5 11. O-O-O Rc8 12. Bb3 Ne5 13. Bg5 Nc4 14. Qd3 Ne5 15. Qe2 Qa5 16. Kb1 Rfe8 17. Rhe1 a6 18. f4 Bg4 19. Nf3 Ned7 20. e5 Nh7 21. e6 Nxg5 22. exd7 Bxd7 23. Nxg5 Rxc3 24. Bxf7+ Kh8 25. Bxg6 Bg4 26. Qe4 Bxd1 27. Rxd1 Rec8 28. Bf7 Qxg5 29. hxg5 Rxc2 30. Qxc2 1-0

[Event "Labour Day op"]
[Site "Toronto CAN"]
[Date "2008.08.30"]
[Round "1.17"]
[White "Humphreys, Michael"]
[Black "Zeromskis, Egidijus"]
[Result "0-1"]
[WhiteElo "2041"]
[BlackElo "2229"]
[PlyCount "74"]
[GameId "2160767910328269"]
[EventDate "2008.08.30"]
[EventType "swiss"]
[EventRounds "6"]
[EventCountry "CAN"]

1. Nf3 Nf6 2. d4 g6 3. c4 Bg7 4. Nc3 O-O 5. e4 d6 6. Be2 e5 7. O-O Nc6 8. d5 Ne7 9. Ne1 Nd7 10. Nd3 f5 11. Bd2 Nf6 12. f3 Kh8 13. c5 Neg8 14. Be3 Bh6 15. Bf2 Bd7 16. Qb3 b6 17. cxd6 cxd6 18. Qb4 Qe7 19. a4 Bd2 20. Nc1 Nh6 21. Nb3 Bxc3 22. bxc3 fxe4 23. fxe4 Nfg4 24. h3 Nxf2 25. Rxf2 Rxf2 26. Kxf2 Qh4+ 27. Kg1 Nf7 28. Rf1 Kg8 29. Bb5 Bxb5 30. axb5 Rc8 31. Nd2 Rc7 32. Nc4 Qxe4 33. Rxf7 Rxf7 34. Nxd6 Qxb4 35. cxb4 Rd7 36. Ne4 Kf7 37. d6 Ke6 0-1

[Event "Labour Day op"]
[Site "Toronto CAN"]
[Date "2008.08.31"]
[Round "3.11"]
[White "Gusev, Nikita"]
[Black "Zeromskis, Egidijus"]
[Result "1/2-1/2"]
[WhiteElo "2095"]
[BlackElo "2229"]
[PlyCount "84"]
[GameId "2160767910328271"]
[EventDate "2008.08.30"]
[EventType "swiss"]
[EventRounds "6"]
[EventCountry "CAN"]

1. e4 Nf6 2. Bc4 Nxe4 3. Bxf7+ Kxf7 4. Qh5+ g6 5. Qd5+ e6 6. Qxe4 Bg7 7. Nf3 d5 8. Qf4+ Bf6 9. d4 Rf8 10. O-O Nc6 11. c3 Kg8 12. Qg3 Ne7 13. Bg5 Bxg5 14. Qxg5 Nf5 15. Qxd8 Rxd8 16. Nbd2 h6 17. Rfe1 Re8 18. g4 Nd6 19. Ne5 Kg7 20. Re3 Rf8 21. Kg2 b6 22. Rae1 c5 23. Rf3 Rxf3 24. Kxf3 Nf7 25. Nd3 cxd4 26. cxd4 Bd7 27. Rc1 Rc8 28. Rxc8 Bxc8 29. Ke3 Kf6 30. f4 g5 31. Ne5 Nd6 32. fxg5+ hxg5 33. Kf3 Nb5 34. Ke3 Nd6 35. Kf2 Ba6 36. Kg3 Be2 37. Kf2 Bd1 38. Ke3 Bc2 39. Nd7+ Ke7 40. Ne5 Kf6 41. Nc6 a5 42. Ne5 b5 1/2-1/2

[Event "Labour Day op"]
[Site "Toronto CAN"]
[Date "2008.08.31"]
[Round "4.10"]
[White "Zeromskis, Egidijus"]
[Black "Munro, Allan"]
[Result "1-0"]
[WhiteElo "2229"]
[BlackElo "2073"]
[PlyCount "97"]
[GameId "2160767910328272"]
[EventDate "2008.08.30"]
[EventType "swiss"]
[EventRounds "6"]
[EventCountry "CAN"]

1. e4 c5 2. Nc3 Nc6 3. g3 g6 4. Bg2 Bg7 5. d3 d6 6. Be3 e6 7. Qd2 Nge7 8. Bh6 O-O 9. h4 Nd4 10. O-O-O Bh8 11. Bxf8 Kxf8 12. h5 Bg7 13. hxg6 hxg6 14. Nce2 Nec6 15. Nxd4 Nxd4 16. Nf3 Nxf3 17. Bxf3 Qf6 18. d4 Qxf3 19. dxc5 d5 20. exd5 exd5 21. Qxd5 Qxd5 22. Rxd5 Be6 23. Rd3 Rc8 24. b4 b6 25. a4 bxc5 26. b5 Bd4 27. f3 Kg7 28. g4 Rh8 29. Rxh8 Kxh8 30. Rd1 Be3+ 31. Kb2 c4 32. Kc3 Bc5 33. a5 Kg7 34. Rb1 Bd5 35. f4 Kf6 36. b6 axb6 37. axb6 Bd6 38. b7 Bb8 39. Kd4 Bf3 40. g5+ Ke7 41. Kxc4 Kd7 42. Rb6 Bg4 43. Rf6 Be6+ 44. Kb5 Kc7 45. f5 Bd7+ 46. Ka6 Bxf5 47. Rxf7+ Kd6 48. Rf8 Kc7 49. Rxf5 1-0

[Event "Labour Day op"]
[Site "Toronto CAN"]
[Date "2008.09.01"]
[Round "5"]
[White "Mahesh, Moorjani"]
[Black "Hahnewald, Uwe"]
[Result "0-1"]
[WhiteElo "1760"]
[BlackElo "1743"]
[PlyCount "68"]
[GameId "2160767910328273"]
[EventDate "2008.08.30"]
[EventType "swiss"]
[EventRounds "6"]
[EventCountry "CAN"]
[SourceTitle "EXT 2011"]
[Source "ChessBase"]
[SourceDate "2011.11.26"]
[SourceVersion "1"]
[SourceVersionDate "2011.11.26"]
[SourceQuality "1"]

1. d4 Nf6 2. c4 e6 3. Nc3 d5 4. Nf3 Be7 5. Bf4 O-O 6. e3 Nbd7 7. Bd3 dxc4 8. Bxc4 c5 9. O-O cxd4 10. exd4 Nb6 11. Bb3 Nbd5 12. Bg3 Nxc3 13. bxc3 b6 14. Qe2 Bb7 15. Nd2 Bd6 16. Bh4 Rc8 17. Rac1 Be7 18. f3 Nd5 19. Bxd5 Bxd5 20. Bf2 Re8 21. Rfd1 Qd7 22. Nf1 Ba3 23. Rc2 Bc6 24. Rd3 Ba4 25. f4 Bxc2 26. Qxc2 Be7 27. Rh3 g6 28. Nd2 Bf6 29. Ne4 Bg7 30. Bh4 Qxd4+ 31. Bf2 Qd5 32. Qe2 f5 33. Ng5 Rxc3 34. Rxc3 Bxc3 0-1

[Event "Labour Day op"]
[Site "Toronto CAN"]
[Date "2008.09.01"]
[Round "5"]
[White "Peng, David Yu"]
[Black "Zeromskis, Egidijus"]
[Result "1-0"]
[WhiteElo "2362"]
[BlackElo "2229"]
[PlyCount "61"]
[GameId "2160767910328275"]
[EventDate "2008.08.30"]
[EventType "swiss"]
[EventRounds "6"]
[EventCountry "CAN"]
[SourceTitle "EXT 2011"]
[Source "ChessBase"]
[SourceDate "2011.11.26"]
[SourceVersion "1"]
[SourceVersionDate "2011.11.26"]
[SourceQuality "1"]

1. e4 Nf6 2. e5 Nd5 3. d4 d6 4. c4 Nb6 5. f4 dxe5 6. fxe5 Nc6 7. Be3 Bf5 8. Nc3 e6 9. Nf3 Be7 10. Be2 O-O 11. O-O f6 12. Qb3 fxe5 13. d5 Nd4 14. Nxd4 exd4 15. Bxd4 Kh8 16. Rad1 Qc8 17. Bf3 exd5 18. c5 Nd7 19. Nxd5 Bd8 20. Rfe1 Rb8 21. Ne7 Bxe7 22. Bxg7+ Kxg7 23. Rxe7+ Kf6 24. Rde1 Kg6 25. Be4 Nf6 26. Qg3+ Kh6 27. Qg7+ Kh5 28. Bf3+ Ng4 29. Bxg4+ Bxg4 30. Qxh7+ Kg5 31. Rg7+ 1-0

[Event "Labour Day op"]
[Site "Toronto CAN"]
[Date "2008.09.01"]
[Round "6"]
[White "Yuan, Yuanling"]
[Black "Smith, Hazel"]
[Result "1-0"]
[WhiteElo "2202"]
[BlackElo "2105"]
[PlyCount "63"]
[GameId "2160767910328276"]
[EventDate "2008.08.30"]
[EventType "swiss"]
[EventRounds "6"]
[EventCountry "CAN"]
[SourceTitle "EXT 2011"]
[Source "ChessBase"]
[SourceDate "2011.11.26"]
[SourceVersion "1"]
[SourceVersionDate "2011.11.26"]
[SourceQuality "1"]

1. e4 e5 2. Nf3 Nc6 3. Bb5 Nge7 4. O-O Ng6 5. c3 d6 6. d4 Bd7 7. Nbd2 a6 8. Bd3 Be7 9. Re1 O-O 10. Nf1 Nh4 11. Nxh4 Bxh4 12. Be3 Kh8 13. Qh5 g6 14. Qe2 Bf6 15. d5 Ne7 16. c4 Bg7 17. c5 f5 18. f3 Ng8 19. Rac1 f4 20. Bf2 g5 21. c6 bxc6 22. dxc6 Bc8 23. b4 Qe8 24. a4 Qh5 25. h3 Rf6 26. Nh2 Rg6 27. Ng4 Nf6 28. b5 axb5 29. axb5 Bxg4 30. fxg4 Qh6 31. b6 cxb6 32. c7 1-0